Normal view
MARC view
- CHAWLA. L.M
Entry Personal Name
001 - CONTROL NUMBER
- control field: 79844
003 - CONTROL NUMBER IDENTIFIER
- control field: NUST
005 - DATE AND TIME OF LATEST TRANSACTION
- control field: 20210628210533.0
008 - FIXED-LENGTH DATA ELEMENTS
- fixed length control field: 210628|| aca||aabn | a|a d
040 ## - CATALOGING SOURCE
- Original cataloging agency: NUST
- Transcribing agency: NUST
100 ## - HEADING--PERSONAL NAME
- Personal name: CHAWLA. L.M
670 ## - SOURCE DATA FOUND
- Source citation: Work cat.: (NUST): CHAWLA. L.M, INTRMEDIATE PLANE TRIGONOMETRY, 1966
